| 000 | 00429nam a2200205Ia 4500 | ||
|---|---|---|---|
| 001 | 12832 | ||
| 003 | GE_BSU | ||
| 008 | 181216s||||||||xx |||||||||||||| ||und|| | ||
| 020 | _a0006166148 | ||
| 040 | _cGE_BSU | ||
| 080 | _a821.111-312.4 | ||
| 100 | _aSeymour,Gerald. | ||
| 245 | _aKingfisher. | ||
| 260 | _aLondon. | ||
| 260 | _bFontana. | ||
| 260 | _c1977 | ||
| 300 | _a377p;18cm. | ||
| 653 | _aKingfisher. | ||
| 942 | _cBK | ||
| 999 |
_c46003 _d46003 |
||